00531nam a2200193 a 4500001001300000003000900013005001700022008004100039020002300080082001500103100002100118245006100139260004400200300000900244500003500253505001000288650001800298700002100316nice12345678IN_TiNIC20260116013711.0050524s1997 lona grp 000 0 eng  a0190063 c37500a303.4bAPP aAppadurai, Arjun aModernity at Large, Cultural Dimensions of Globalization aLondan bOxford University Press c1997 a229p aincludes index and biblioraphy2 aIndex aSocial-Change1 aAppadurai, Arjun